Timeline of Human Prehistory - Statistics

General Stats
  • This quiz has been taken 88 times
  • The average score is 4 of 7
Answer Stats
Years ago Question Answer % Correct
30-40,000 Evidence of first human settlement, Aboriginals, found in _________ Australia
91%
315,000 Approximate date of appearance of... Homo sapiens
80%
40-67,000 Interbreeding between ____________ and modern humans Neanderthals
77%
13-16,000 First human migration into _____ _______ North America
74%
43-45,000 Early modern humans found in... Europe
73%
70-80,000 ____ Volcano supereruption - population lowers to ~15,000 Toba
27%
5-8,000 Development of _____-_______ in China and Southeast Europe Proto-writing
4%
No matching quizzes found
Score Distribution
Percent of People with Each Score
Percentile by Number Answered
Your Score History
You have not taken this quiz